Evans and Smith, the law of landlord and tenant. (Record no. 462)

MARC details
000 -LEADER
fixed length control field 01232cam a2200373 a 4500
001 - CONTROL NUMBER
control field 14725242
003 - CONTROL NUMBER IDENTIFIER
control field OSt
005 - DATE AND TIME OF LATEST TRANSACTION
control field 20150619104248.0
008 - FIXED-LENGTH DATA ELEMENTS--GENERAL INFORMATION
fixed length control field 070206s1989 enk 001 0 eng
010 ## - LIBRARY OF CONGRESS CONTROL NUMBER
LC control number 2007367913
015 ## - NATIONAL BIBLIOGRAPHY NUMBER
National bibliography number GB89-37900
020 ## - INTERNATIONAL STANDARD BOOK NUMBER
International Standard Book Number 0406578125 (pbk.)
020 ## - INTERNATIONAL STANDARD BOOK NUMBER
International Standard Book Number 9780406578129 (pbk.)
035 ## - SYSTEM CONTROL NUMBER
System control number (OCoLC)ocm19741440
035 ## - SYSTEM CONTROL NUMBER
System control number (OCoLC)19741440
040 ## - CATALOGING SOURCE
Original cataloging agency UKM
Transcribing agency UKM
Modifying agency OCL
-- BAKER
-- DLC
042 ## - AUTHENTICATION CODE
Authentication code lccopycat
043 ## - GEOGRAPHIC AREA CODE
Geographic area code e-uk-en
050 00 - LIBRARY OF CONGRESS CALL NUMBER
Classification number KD899
Item number .S6554 1989
082 04 - DEWEY DECIMAL CLASSIFICATION NUMBER
Classification number 346.0434 SMI
Edition number 20
100 1# - MAIN ENTRY--PERSONAL NAME
Personal name Smith, Peter
Fuller form of name (Peter F.)
9 (RLIN) 1369
245 10 - TITLE STATEMENT
Title Evans and Smith, the law of landlord and tenant.
250 ## - EDITION STATEMENT
Edition statement 3rd ed. /
Remainder of edition statement P.F. Smith.
260 ## - PUBLICATION, DISTRIBUTION, ETC. (IMPRINT)
Place of publication, distribution, etc London :
Name of publisher, distributor, etc Butterworths,
Date of publication, distribution, etc 1989.
300 ## - PHYSICAL DESCRIPTION
Extent lx, 598 p. ;
Dimensions 22 cm.
500 ## - GENERAL NOTE
General note Previous ed.: Published as law of landlord and tenant/David Lloyd Evans. 1985.
500 ## - GENERAL NOTE
General note Includes index.
650 #0 - SUBJECT ADDED ENTRY--TOPICAL TERM
Topical term or geographic name as entry element Landlord and tenant
Geographic subdivision England.
9 (RLIN) 1370
653 ## - INDEX TERM--UNCONTROLLED
Uncontrolled term England
-- Tenancies
-- Law
700 1# - ADDED ENTRY--PERSONAL NAME
Personal name Evans, David Lloyd.
Title of a work Law of landlord and tenant.
9 (RLIN) 1371
906 ## - LOCAL DATA ELEMENT F, LDF (RLIN)
a 7
b cbc
c copycat
d 2
e ncip
f 20
g y-gencatlg
942 ## - ADDED ENTRY ELEMENTS (KOHA)
Source of classification or shelving scheme Dewey Decimal Classification
Koha item type Books
Holdings
Withdrawn status Lost status Source of classification or shelving scheme Damaged status Not for loan Home library Current library Shelving location Date acquired Total Checkouts Full call number Barcode Date last seen Price effective from Koha item type
    Dewey Decimal Classification     Law Development Centre Main Library Law Development Centre Main Library Text Books and Laws 04/20/2011   346.0434 SMI 2011/2377 04/20/2011 04/20/2011 Books